中国所有的“城区” - Statistics

General Stats
  • This quiz has been taken 50 times
    6 since last reset
  • The average score is 53 of 68
Answer Stats
% Correct
北京 北京 东城区
100%
北京 北京 西城区
100%
山西 阳泉 城区
100%
山西 晋城 城区
100%
江苏 苏州 相城区
100%
浙江 杭州 上城区
100%
浙江 温州 鹿城区
100%
浙江 绍兴 越城区
100%
浙江 金华 婺城区
100%
浙江 衢州 柯城区
100%
福建 宁德 蕉城区
100%
山东 济南 历城区
100%
湖北 襄阳 襄城区
100%
湖北 襄阳 樊城区
100%
湖北 鄂州 鄂城区
100%
广东 佛山 禅城区
100%
广东 惠州 惠城区
100%
广东 汕尾 城区
100%
云南 丽江 古城区
100%
香港 香港 九龙城区
100%
内蒙古 呼和浩特 新城区
83%
江苏 宿迁 宿城区
83%
山东 济南 钢城区
83%
湖南 长沙 望城区
83%
广东 广州 增城区
83%
广东 河源 源城区
83%
四川 雅安 雨城区
83%
陕西 西安 新城区
83%
河北 石家庄 藁城区
67%
河北 石家庄 栾城区
67%
河北 保定 满城区
67%
河北 衡水 桃城区
67%
山西 大同 平城区
67%
山西 长治 潞城区
67%
山西 朔州 朔城区
67%
辽宁 抚顺 顺城区
67%
吉林 长春 宽城区
67%
黑龙江 哈尔滨 阿城区
67%
黑龙江 哈尔滨 双城区
67%
安徽 亳州 谯城区
67%
福建 莆田 荔城区
67%
福建 泉州 鲤城区
67%
福建 漳州 芗城区
67%
山东 枣庄 薛城区
67%
山东 枣庄 峄城区
67%
山东 潍坊 潍城区
67%
山东 德州 德城区
67%
山东 滨州 滨城区
67%
河南 洛阳 老城区
67%
河南 鹤壁 山城区
67%
河南 南阳 宛城区
67%
河南 驻马店 驿城区
67%
湖南 常德 鼎城区
67%
湖南 怀化 鹤城区
67%
广东 阳江 江城区
67%
广东 清远 清城区
67%
广东 云浮 云城区
67%
广西 北海 海城区
67%
广西 防城港 防城区
67%
四川 绵阳 涪城区
67%
贵州 六盘水 水城区
67%
陕西 咸阳 渭城区
67%
新疆 乌鲁木齐 达坂城区
67%
辽宁 朝阳 龙城区
50%
山东 济宁 任城区
50%
山东 德州 陵城区
50%
河南 漯河 郾城区
50%
广东 揭阳 榕城区
50%
No matching quizzes found
Score Distribution
Percent of People with Each Score
Percentile by Number Answered
Your Score History
You have not taken this quiz since the last reset